Zborník príspevkov zo seminára doktorandov na Fakulte architektúry STU v roku 2005-2006
Gespeichert in:
| Weitere Verfasser: | |
|---|---|
| Format: | Buch |
| Sprache: | Slowakisch |
| Veröffentlicht: |
Bratislava :
FA STU ,
2008
|
| Tags: |
Keine Tags, Fügen Sie das erste Tag hinzu!
|
MARC
| LEADER | 00000nam a22000003a 4500 | ||
|---|---|---|---|
| 001 | stu182537 | ||
| 005 | 20230214131131.4 | ||
| 008 | 090401s2008------------------------slo-d | ||
| 020 | |a 978-80-227-3038-9 | ||
| 040 | |a STU |b slo | ||
| 041 | 0 | |a slo | |
| 100 | 1 | |a Vitková, Ľubica, |d 1958- |4 com |u A6160 |9 100 |U FAD Fakulta architektúry |T FA Ústav urbanizmu a územného plánovania |X 447 |U A6160 |Y 397 |7 A000000447 | |
| 245 | 1 | |a Zborník príspevkov zo seminára doktorandov na Fakulte architektúry STU v roku 2005-2006 | |
| 260 | |a Bratislava : |b FA STU , |c 2008 | ||
| 300 | |a 208 s | ||
| 996 | |b 284AB01053 |c A*7613 Zb |l AAKNAR |s A |a 24 |w stu182537_0001 | ||
| 996 | |b 284AB00936 |c A*6604 B |l AAKNST |s P |a 0 |w stu182537_0002 | ||
| 996 | |b 284AB01054 |c A*7614 Zb |l AAKNAR |s A |a 24 |w stu182537_0003 | ||
| 996 | |b 284AB01055 |c A*7615 Zb |l AAKNAR |s A |a 24 |w stu182537_0004 | ||
| 996 | |b 284AB01056 |c A*7616 Zb |l AAKNAR |s A |a 24 |w stu182537_0005 | ||
| 996 | |b 284AB01057 |c A*7617 Zb |l AAKNAR |s A |a 24 |w stu182537_0006 | ||